| 000 | 00481nam a2200169Ia 4500 | ||
|---|---|---|---|
| 005 | 20250326143731.0 | ||
| 008 | 250326s9999 xx 000 0 und d | ||
| 037 | _aTextbook | ||
| 040 |
_aFMSL _beng _cFMSL |
||
| 041 |
_aeng _2eng |
||
| 084 |
_aX:51 P3 _qFMSL |
||
| 100 |
_aSoderbaum F _9748454 |
||
| 245 | 0 |
_aTheories of new regionalism _cSoderbaum F |
|
| 260 |
_aUnited Kingdom _bUnited Kingdom, Palgrave _c2003 |
||
| 942 |
_cTB _hX:51 P3 |
||
| 999 |
_c1300790 _d1300790 |
||